Fighting spirit : (Record no. 185749)
[ view plain ]
| 000 -LEADER | |
|---|---|
| fixed length control field | 00973 a2200205 4500 |
| 003 - CONTROL NUMBER IDENTIFIER | |
| control field | NUST |
| 005 - DATE AND TIME OF LATEST TRANSACTION | |
| control field | 20221226124848.0 |
| 010 ## - LIBRARY OF CONGRESS CONTROL NUMBER | |
| LC control number | 78318970 |
| 020 ## - INTERNATIONAL STANDARD BOOK NUMBER | |
| International Standard Book Number | 0850522366 : |
| 040 ## - CATALOGING SOURCE | |
| Transcribing agency | Nust |
| 082 00 - DEWEY DECIMAL CLASSIFICATION NUMBER | |
| Classification number | 355.02,RIC |
| 100 1# - MAIN ENTRY--PERSONAL NAME | |
| Personal name | Richardson, Frank M. |
| 9 (RLIN) | 105923 |
| 245 10 - TITLE STATEMENT | |
| Title | Fighting spirit : |
| Remainder of title | a study of psychological factors in war / |
| Statement of responsibility, etc. | F. M. Richardson ; with a foreword by Sir Peter Hunt. |
| 260 ## - PUBLICATION, DISTRIBUTION, ETC. | |
| Place of publication, distribution, etc. | London : |
| Name of publisher, distributor, etc. | Cooper, |
| Date of publication, distribution, etc. | 1978. |
| 300 ## - PHYSICAL DESCRIPTION | |
| Extent | xv, 189 p. ; |
| Dimensions | 24 cm. |
| 505 ## - FORMATTED CONTENTS NOTE | |
| Formatted contents note | Morale (Page-1), Comradeship (Page-6), Regimental Spirit (Page-14), Esprit De Nato (Page-23), Props (Page-40), Ancient and Modern (Page-49), The Psychiatric Casualty (Page-61), Prevention: Regimental Measures (Page-76), Prevention: Personnel Selection (Page-93), Prevention : Medical Measures (Page-104), Mental Training (Page-124), Fighting Spirant In the Nuclear Age (Page-140). |
| 650 #0 - SUBJECT ADDED ENTRY--TOPICAL TERM | |
| Topical term or geographic name entry element | Morale. |
| 9 (RLIN) | 48632 |
| 650 #0 - SUBJECT ADDED ENTRY--TOPICAL TERM | |
| Topical term or geographic name entry element | Psychology, Military. |
| 9 (RLIN) | 48633 |
| 942 ## - ADDED ENTRY ELEMENTS (KOHA) | |
| Source of classification or shelving scheme | |
| Koha item type | Book |
| Call number prefix | 355.02,RIC |
| Withdrawn status | Lost status | Source of classification or shelving scheme | Damaged status | Not for loan | Permanent Location | Current Location | Shelving location | Date acquired | Full call number | Barcode | Date last seen | Price effective from | Koha item type | Public note |
|---|---|---|---|---|---|---|---|---|---|---|---|---|---|---|
| Military College of Signals (MCS) | Military College of Signals (MCS) | General Stacks | 12/12/2016 | 355.02,RIC | MCS21521 | 12/08/2016 | 12/12/2016 | Book | Almirah No.52, Shelf No.3 |
